The wind in the mountains / (Record no. 39573)

MARC details
000 -LEADER
fixed length control field 00664nam a22002057a 4500
005 - DATE AND TIME OF LATEST TRANSACTION
control field 2010080505215.0
010 ## - LCCN (DPL NO)
LC control number ENG-98403
020 ## - INTERNATIONAL STANDARD BOOK NUMBER
International Standard Book Number 9788126420957
Terms of availability 100.00
035 ## - SYSTEM CONTROL NUMBER
System control number EN-81936
037 ## - SOURCE OF ACQUISITION
Source of stock number/acquisition DBAD/PUB
082 ## - DEWEY DECIMAL CLASSIFICATION NUMBER
Classification number N
100 ## - MAIN ENTRY--PERSONAL NAME
Personal name Onakkoor, George
245 ## - TITLE STATEMENT
Title The wind in the mountains /
Statement of responsibility, etc by George Onakkoor ;translated by Abraham Joseph
260 ## - PUBLICATION, DISTRIBUTION, ETC. (IMPRINT)
Place of publication, distribution, etc Kottamyam
Name of publisher, distributor, etc DC Books
Date of publication, distribution, etc 2008
270 ## - ADDRESS
Address Kottamyam
City Kottamyam
Postal code 686012
300 1# - PHYSICAL DESCRIPTION
Extent 135p.
Dimensions 21cm (pbk)
700 ## - ADDED ENTRY--PERSONAL NAME
Personal name Joseph, Abraham
9 (RLIN) 7247
942 ## - ADDED ENTRY ELEMENTS (KOHA)
Source of classification or shelving scheme Dewey Decimal Classification
Item type English Books
Classification part N
Call number suffix ONA
Holdings
Withdrawn status Lost status Not for loan Collection code Home library Current library Date acquired Source of acquisition Cost, normal purchase price Full call number Barcode Copy number Cost, replacement price Koha item type
    Not For Loan Non-fiction D.B.Act.Division D.B.Act.Division 05/08/2010 DBAD/PUB 100.00 N ONA EN-81936 1 100.00 English Books

© Delhi Public Library
Hit Counter
free hit counter